000 01083pam a2200289 a 4500
999 _c4287
_d4287
001 4287
003 BD-JhCC
005 20171125200253.0
008 830829s1983 cauacf b 001 0beng
020 _a0890300445 (pbk.) :
_c$5.00
035 _a(BD-JhCC)
040 _aDLC
_cDLC
_dDLC
041 _aeng
050 0 0 _aSD129.M3
_bR53 1983
082 0 0 _a634.9/092/4
_aB
_219
_bRIC 1983
100 1 _aRichardson, Elmo.
245 1 0 _aDavid T. Mason, forestry advocate :
_bhis role in the application of sustained yield management to private and public forest lands /
_cElmo Richardson.
260 _aSanta Cruz, Calif. :
_bForest History Society,
_cc1983.
300 _axiii, 125 p., [8] p. of plates :
_bill., ports. ;
_c22 cm.
504 _aIncludes bibliographical references and index.
600 1 0 _aMason, David Townsend,
_d1883-1973.
650 0 _aForesters
_zUnited States
_xBiography.
650 0 _aForest management
_zUnited States
_xHistory.
710 2 _aForest History Society.
740 0 _aSustained yield management to private and public forest lands.
942 _2ddc
_cBK